Science Quiz

Random Science or Biology Quiz

Closer to Humans? Quiz Stats

 Plays Quiz Updated Mar 29, 2018

Also try: Human Taxonomy
Challenge
Share
Tweet
Embed
Score 0/15 Timer 03:00
0 Plays Today
Organism Organism closest to humans % Correct
A) Chimpanzee or B) Rabbit???
99%
A) Tuna or B) Dolphin???
92.1%
A) Lemur or B) Baboon???
77.4%
A) Snake or B) Eel???
74.7%
A) Housefly or B) Jellyfish???
72.5%
A) Sponge or B) Earthworm???
70.8%
A) Ray or B) Crab???
66.5%
A) Fungus or B) Sequoia Tree???
65.5%
Organism Organism closest to humans % Correct
A) Platypus or B) Cat???
65.2%
A) Lizard or B) Frog???
65.1%
A) Yeast or B) Bacterium???
58.5%
A) Dimetrodon or B) Tyrannosaurus Rex???
57.1%
A) Trout or B) Shark???
50.3%
A) Sea Squirt or B) Sea Cucumber???
48.8%
A) Squid or B) Sea Urchin???
37%

You're not logged in!

Compare scores with friends on all Sporcle quizzes.
Join for Free
OR
Log In

You Might Also Like...

Show Comments

Extras

Top Quizzes Today


Score Distribution

Your Account Isn't Verified!

In order to create a playlist on Sporcle, you need to verify the email address you used during registration. Go to your Sporcle Settings to finish the process.

Report this User

Report this user for behavior that violates our Community Guidelines.

Details: